[Event "NZL-ch op-A 130th"]
[Site "Wellington"]
[Date "2023.01.10"]
[Round "9"]
[White "Wang, Aaron Ziwen"]
[Black "Tanoi, Edward T"]
[Result "0-1"]
[WhiteElo "1945"]
[BlackElo "1993"]
[PlyCount "76"]
[EventDate "2023.01.02"]
[EventType "swiss"]
[EventRounds "9"]
[EventCountry "NZL"]
[SourceTitle "EXT 2024"]
[Source "ChessBase"]
[SourceDate "2023.10.10"]
[SourceVersion "1"]
[SourceVersionDate "2023.10.10"]
[SourceQuality "1"]

1. c4 Nf6 2. Nc3 e6 3. d4 c5 4. Nf3 cxd4 5. Nxd4 Nc6 6. e3 Bb4 7. Bd2 0-0 8. a3 Bd6 9. Ncb5 Bb8 10. Nf3 a6 11. Nbd4 d6 12. Nxc6 bxc6 13. Bd3 e5 14. Bc2 d5 15. cxd5 cxd5 16. Bb4 Re8 17. Ba4 Bd7 18. Bxd7 Qxd7 19. 0-0 a5 20. Bc3 Ra6 21. b4 e4 22. Nd4 Qc7 23. g3 Qxc3 24. b5 Rb6 25. Qa4 Qc8 26. Qxa5 Qh3 27. f3 Nd7 28. Ra2 Rg6 29. Rg2 Bxg3 30. hxg3 Rxg3 31. Qd2 exf3 32. Rxg3 Qxg3+ 33. Kh1 Re4 34. Nxf3 Qh3+ 35. Nh2 Qe6 36. Rd1 Rxe3 37. Qxd5 Re1+ 38. Rxe1 Qxd5+ 0-1

[Event "NZL-ch op-A 130th"]
[Site "Wellington"]
[Date "2023.01.02"]
[Round "1"]
[White "Rains, Edward"]
[Black "Wang, Aaron Ziwen"]
[Result "1-0"]
[WhiteElo "1977"]
[BlackElo "1728"]
[PlyCount "65"]
[EventDate "2023.01.02"]
[EventType "swiss"]
[EventRounds "9"]
[EventCountry "NZL"]
[SourceTitle "CBM 212 Extra"]
[Source "ChessBase"]
[SourceDate "2023.03.31"]
[SourceVersion "1"]
[SourceVersionDate "2023.03.31"]
[SourceQuality "1"]

1. e4 c5 2. Nc3 Nc6 3. f4 g6 4. Nf3 Bg7 5. a4 e6 6. e5 a6 7. Ne4 Bf8 8. d4 f5 9. Nxc5 Bxc5 10. dxc5 Qa5+ 11. Kf2 Qxc5+ 12. Be3 Qb4 13. b3 Nge7 14. c4 Na5 15. Rb1 b6 16. Nd4 Qc3 17. Ne2 Qb4 18. Nc1 Nec6 19. Nd3 Qc3 20. Be2 Rb8 21. Nc1 Qb4 22. Qc2 d6 23. Nd3 Qa3 24. Bc1 Nb4 25. Bxa3 Nxc2 26. Bxd6 Rb7 27. Bf3 Ra7 28. c5 Nd4 29. cxb6 Rg7 30. Rhc1 Bb7 31. Bxb7 Nxb7 32. Rc8+ Nd8 33. Nc5 1-0

[Event "NZL-ch op 127th"]
[Site "Tauranga"]
[Date "2020.01.18"]
[Round "5"]
[White "Wang, Aaron Ziwen"]
[Black "Zhang, Kendrick Botong"]
[Result "1-0"]
[WhiteElo "1610"]
[BlackElo "1551"]
[PlyCount "79"]
[EventDate "2020.01.14"]
[EventType "swiss"]
[EventRounds "9"]
[EventCountry "NZL"]
[SourceTitle "CBM 194 Extra"]
[Source "ChessBase"]
[SourceDate "2020.03.31"]
[SourceVersion "1"]
[SourceVersionDate "2020.03.31"]
[SourceQuality "1"]

1. c4 Nf6 2. Nc3 g6 3. Nf3 Bg7 4. g3 0-0 5. Bg2 d6 6. d4 Nbd7 7. 0-0 c5 8. e3 Qc7 9. Qc2 a6 10. b3 b6 11. Bb2 Bb7 12. Rfd1 cxd4 13. Nxd4 Bxg2 14. Kxg2 Qb7+ 15. e4 Rac8 16. Qe2 Nc5 17. f3 Qd7 18. Nd5 Rb8 19. Nc6 Rbe8 20. Ncxe7+ Rxe7 21. Bxf6 Ree8 22. Qb2 Bh6 23. Bh8 Re6 24. Nf6+ Rxf6 25. Qxf6 Ne6 26. f4 Ng7 27. Rxd6 Qb7 28. Rad1 Qxe4+ 29. Kf2 Nf5 30. R6d3 Re8 31. R1d2 Ne3 32. Kg1 Nc2 33. Rd8 Qe1+ 34. Kg2 Ne3+ 35. Kh3 Qf1+ 36. Kh4 Nf5+ 37. Qxf5 gxf5 38. Rxe8+ Bf8 39. Bf6 Qf3 40. Rxf8+ 1-0

[Event "Oceania-ch U16"]
[Site "Auckland"]
[Date "2019.01.12"]
[Round "9"]
[White "Wang, Kayson"]
[Black "Wang, Aaron Ziwen"]
[Result "1-0"]
[WhiteElo "1983"]
[BlackElo "1502"]
[PlyCount "113"]
[EventDate "2019.01.08"]
[EventType "swiss"]
[EventRounds "9"]
[EventCountry "NZL"]
[SourceTitle "EXT 2021"]
[Source "ChessBase"]
[SourceDate "2020.10.23"]
[SourceVersion "1"]
[SourceVersionDate "2020.10.23"]
[SourceQuality "1"]

1. d4 Nf6 2. Bg5 g6 3. Bxf6 exf6 4. e3 Bg7 5. c4 d5 6. cxd5 Qxd5 7. Nc3 Qd8 8. g3 0-0 9. Bg2 c6 10. Nge2 f5 11. 0-0 Be6 12. Qd3 Nd7 13. Rfd1 Nf6 14. h4 Bd5 15. Nxd5 cxd5 16. Nc3 Ne4 17. Qb5 Nxc3 18. bxc3 Rc8 19. Rac1 Qe7 20. Bxd5 Rc7 21. c4 b6 22. a4 Rfc8 23. a5 Qd7 24. Qxd7 Rxd7 25. axb6 axb6 26. Rb1 Rd6 27. Rb5 Bf6 28. Ra1 Bd8 29. Ra7 Rc7 30. Ra8 Kg7 31. Ra6 Rc8 32. Rb4 h5 33. Kf1 Rc7 34. Ke2 Rcd7 35. Kd3 f6 36. Ra8 g5 37. Bf3 Kh6 38. Rba4 f4 39. hxg5+ fxg5 40. gxf4 gxf4 41. d5 fxe3 42. fxe3 Bf6 43. Re8 Re7 44. Raa8 Re5 45. Rxe5 Bxe5 46. Re8 Bg3 47. Rh8+ Kg7 48. Rxh5 Kf6 49. e4 b5 50. cxb5 Kg6 51. Rf5 Rb6 52. Kc4 Bd6 53. Bh5+ Kh6 54. e5 Be7 55. d6 Bxd6 56. exd6 Rxd6 57. Kc5 1-0

[Event "George Trundle Reserves"]
[Site "Auckland"]
[Date "2017.10.02"]
[Round "3"]
[White "Peak, Stephen"]
[Black "Wang, Aaron Ziwen"]
[Result "1/2-1/2"]
[WhiteElo "1670"]
[BlackElo "1530"]
[PlyCount "89"]
[EventDate "2017.09.30"]
[EventType "tourn"]
[EventRounds "9"]
[EventCountry "NZL"]
[SourceTitle "CBM 181 Extra"]
[Source "ChessBase"]
[SourceDate "2017.12.12"]
[SourceVersion "1"]
[SourceVersionDate "2017.12.12"]
[SourceQuality "1"]

1. e4 c5 2. Nc3 Nc6 3. f4 d6 4. Nf3 Nf6 5. Bc4 Bg4 6. 0-0 a6 7. d3 Nd4 8. Nd5 e6 9. Ne3 Bxf3 10. gxf3 b5 11. Bb3 a5 12. c3 Nxb3 13. Qxb3 b4 14. Qc2 Nh5 15. Ng2 Qb6 16. Qa4+ Kd8 17. Be3 Rb8 18. Rad1 Qb5 19. Qxb5 Rxb5 20. c4 Rb7 21. d4 Kc7 22. dxc5 dxc5 23. f5 Be7 24. fxe6 fxe6 25. Nf4 Nxf4 26. Bxf4+ Kc6 27. Kh1 Rf8 28. Be5 g6 29. b3 Ra7 30. Kg2 a4 31. Rf2 axb3 32. axb3 Ra3 33. Rd3 Rd8 34. Rfd2 Rxd3 35. Rxd3 Bg5 36. Rd6+ Kb7 37. Rd7+ Kc6 38. Rxh7 Rxb3 39. Rg7 Bd2 40. Rxg6 Bc3 41. Rxe6+ Kb7 42. Re7+ Ka6 43. Re6+ Kb7 44. Re7+ Ka6 45. Re6+ 1/2-1/2

[Event "Auckland ANZAC op"]
[Site "Auckland"]
[Date "2017.04.22"]
[Round "1"]
[White "Hague, Ben"]
[Black "Wang, Aaron Ziwen"]
[Result "1-0"]
[WhiteElo "2305"]
[BlackElo "1579"]
[PlyCount "69"]
[EventDate "2017.04.22"]
[EventType "swiss"]
[EventRounds "6"]
[EventCountry "NZL"]
[SourceTitle "CBM 178 Extra"]
[Source "ChessBase"]
[SourceDate "2017.06.22"]
[SourceVersion "1"]
[SourceVersionDate "2017.06.22"]
[SourceQuality "1"]

1. e4 c5 2. Nf3 d6 3. d4 cxd4 4. Nxd4 Nf6 5. Nc3 a6 6. Bg5 e6 7. f4 Be7 8. Qf3 Qc7 9. 0-0-0 Nbd7 10. g4 b5 11. Bxf6 Nxf6 12. g5 Nd7 13. f5 Bxg5+ 14. Kb1 Ne5 15. Qh5 Qe7 16. Nxe6 Bxe6 17. fxe6 g6 18. exf7+ Kxf7 19. Qe2 Kg7 20. Nd5 Qb7 21. h4 Bh6 22. h5 b4 23. Qf2 Rhf8 24. Qh2 Nf3 25. Qxd6 Nd2+ 26. Ka1 Nxe4 27. Qe5+ Nf6 28. Nxf6 Rxf6 29. hxg6 Raf8 30. Rxh6 Kxh6 31. Qh2+ Kxg6 32. Bd3+ Rf5 33. Rg1+ Kf6 34. Qd6+ Kf7 35. Bc4+ 1-0

[Event "Auckland Anniversary op"]
[Site "Auckland"]
[Date "2017.01.27"]
[Round "1"]
[White "Steadman, Michael VR"]
[Black "Wang, Aaron Ziwen"]
[Result "1-0"]
[WhiteElo "2272"]
[BlackElo "1598"]
[PlyCount "59"]
[EventDate "2017.01.27"]
[EventType "swiss"]
[EventRounds "7"]
[EventCountry "NZL"]
[SourceTitle "EXT 2018"]
[Source "ChessBase"]
[SourceDate "2017.10.13"]
[SourceVersion "1"]
[SourceVersionDate "2017.10.13"]
[SourceQuality "1"]

1. d4 Nf6 2. c4 g6 3. Nc3 Bg7 4. e4 d6 5. Be2 0-0 6. Be3 e5 7. d5 a5 8. g4 Na6 9. h4 Nc5 10. Bf3 Ne8 11. h5 Qf6 12. Qd2 Qe7 13. 0-0-0 Nf6 14. Qe2 a4 15. Nh3 a3 16. b3 h6 17. hxg6 fxg6 18. g5 Nh7 19. gxh6 Bh8 20. Rdg1 Rf6 21. Rg3 Bxh3 22. Rhxh3 Raf8 23. Bh5 g5 24. Bxg5 Nxg5 25. Rxg5+ Kh7 26. Qg4 Rxf2 27. Bg6+ Kg8 28. h7+ Kg7 29. Be8+ Kf6 30. Rh6# 1-0